Quiz Sobre Globalização - Statistics

Estatísticas Gerais
  • Esse quiz foi jogado 85 vezes
  • A pontuação média é 9 de 11
Estatísticas das Respostas
Questão Resposta % Correto
Qual fator foi essencial para o avanço da globalização na últimas décadas? Avanço da internet e das tecnologias de comunicação.
96%
A globalização favorece principalmente os países... Mais desenvolvidos e industrializados.
92%
O que são empresas multinacionais? Empresas que operam em vários países.
89%
Como a globalização pode afetar a cultura de uma sociedade? Pode causar perda de tradições locais.
86%
Qual dessas empresas é multinacional? Coca-Cola
84%
Qual a função dos blocos econômicos? Facilitar o comércio entre os países membros.
84%
Um exemplo claro de globalização cultural é... O consumo global de redes de fast-food.
82%
O termo "mercado global" está relacionado à... Trocas comerciais internacionais.
82%
O que é globalização? A integração e interdependência entre países.
80%
A globalização procura alcançar os países desenvolvidos E subdesenvolvidos? Sim.
78%
Um dos efeitos negativos da globalização é... O aumento da desigualdade econômica.
62%
Nenhum quiz correspondente encontrado
Distribuição das Pontuações
Porcentagem de Pessoas com Cada Pontuação
Percentil de Números Respondidos
Sua Pontuação Histórica
Você não jogou esse quiz